Formas de países no meu hambúrguer - Statistics

Estatísticas Gerais
  • Esse quiz foi jogado 250 vezes
  • A pontuação média é 10 de 18
Respostas no mapa
Respostas codificadas por cores de uma escala verde-vermelha no mapa do quiz de acordo com a % correta abaixo.
 
Estatísticas das Respostas
País % Correto
Índia
96%
Chipre
83%
Portugal
77%
Sri Lanka
74%
Áustria
66%
Tunísia
60%
Bósnia e Herzegovina
58%
Taiwan
58%
Nicarágua
57%
Mongólia
56%
Nepal
53%
Eslováquia
48%
Timor Leste
45%
Togo
42%
Israel
40%
Belize
29%
Fiji
27%
Cabo Verde
12%
Nenhum quiz correspondente encontrado
Distribuição das Pontuações
Porcentagem de Pessoas com Cada Pontuação
Percentil de Números Respondidos
Sua Pontuação Histórica
Você não jogou esse quiz